La parábola de Pablo (Registro nro. 48484)
[ vista simple ]
| 000 -ENCABEZADO | |
|---|---|
| Número de control [NR] | 00948nam a2200253Ia 4500 |
| 005 - FECHA Y HORA DE LA ÚLTIMA TRANSACCIÓN | |
| control field | 20141001113304.0 |
| 008 - DE LONGITUD FIJA DE DATOS DE ELEMENTOS - INFORMACIÓN GENERAL | |
| Elementos de longitud fija [NR] | 130821s2001 ck ao gr dspa |
| 020 ## - NUMERO INTERNACIONAL NORMALIZADO PARA LIBROS [R] | |
| Número Internacional Normalizado del libro [NR] | 9584201484 |
| 040 ## - FUENTE DE CATALOGACION [NR] | |
| Agencia de catalogación original [NR] | CO-BoUCM |
| Idioma de catalogación [NR] | spa |
| Quien Cataloga | Jose A. Gerena (modificó) |
| Quien Clasifica | [Nuevo] |
| 041 00 - CODIGO DE IDIOMA [R] | |
| Código de idioma para texto/pista de sonido o título separado [R] | Español |
| 100 1# - ASIENTO PRINCIPAL--NOMBRE PERSONAL [NR] | |
| Nombre personal [NR] | Salazar Jaramillo, Alonso |
| Fechas asociadas con el nombre [NR] | 1960- |
| ID Autoridad | 64958 |
| 245 13 - MENCION DE TITULO [NR] | |
| Título [NR] | La parábola de Pablo |
| Mención de responsabilidad, etc. [NR] | Alonso Salazar J. |
| Parte restante del título [NR] | auge y caída de un gran capo del narcotráfico |
| 260 ## - PUBLICACION, DISTRIBUCION, ETC. (PIE DE IMPRENTA) [R] | |
| Lugar de publicación, distribución, etc. [R] | Bogotá (Colombia) |
| Nombre del editor, distribuidor, etc. [R] | Planeta |
| Fecha de publicación, distribución, etc. [R] | 2001 |
| 300 ## - DESCRIPCION FISICA [R] | |
| Extensión [R] | 344 páginas |
| Otros detalles físicos [NR] | fotografías |
| 600 1# - ASIENTO SECUNDARIO DE MATERIA - NOMBRE PERSONAL [R] | |
| Nombre personal [NR] | Escobar Gaviria, Pablo Emilio |
| Fechas asociadas con el nombre [NR] | 1949-1993 |
| 9 (RLIN) | 64959 |
| 610 #7 - ASIENTO SECUNDARIO DE MATERIA - NOMBRE CORPORATIVO [R] | |
| Nombre corporativo o nombre de la jurisdicción como elemento de entrada [NR] | Cartel de Medellín |
| Subdivisión general [R] | Historia |
| 9 (RLIN) | 3349 |
| 650 07 - ASIENTO SECUNDARIO DE MATERIA - TERMINO TEMATICO [R] | |
| Término temático o nombre geográfico como elemento de entrada [NR] | Biografías |
| 9 (RLIN) | 26453 |
| 650 07 - ASIENTO SECUNDARIO DE MATERIA - TERMINO TEMATICO [R] | |
| Término temático o nombre geográfico como elemento de entrada [NR] | Narcotraficantes |
| Subdivisión geográfica [R] | Colombia |
| Subdivisión de forma [R] | Biografías |
| 9 (RLIN) | 20083 |
| 650 07 - ASIENTO SECUNDARIO DE MATERIA - TERMINO TEMATICO [R] | |
| Término temático o nombre geográfico como elemento de entrada [NR] | Narcotráfico |
| Subdivisión geográfica [R] | Colombia |
| 9 (RLIN) | 30836 |
| 650 07 - ASIENTO SECUNDARIO DE MATERIA - TERMINO TEMATICO [R] | |
| Término temático o nombre geográfico como elemento de entrada [NR] | Problemas sociales |
| 9 (RLIN) | 22324 |
| 690 ## - ASUNTO AGREGADO LOCAL DE ENTRADA - TÉRMINO TEMÁTICO (OCLC, RLIN) | |
| 9 (RLIN) | 42926 |
| Acceso temático local | Violencia |
| 942 ## - ELEMENTOS DE ENTRADA AGREGADOS (KOHA) | |
| Tipo de ítem principal el descrito en 300a | Libro |
| Tema principal | Sociología |
| Edición | 1 |
| Parte restante de la signatura top. | S161p |
| Sistema de clasificación | DEWEY |
| Clasificación | 363.45092 |
| Fecha de último préstamo | Total préstamos | Total Renewals | Signatura topográfica | Código de barras | Última vez visto | Ejemplar | Price effective from | Tipo de ítem | Perdido | Sistema de clasificación | Dañado | No prestable | Tipo de ítem específico | Suprimido | Ubicación habitual | Ubicación actual | Localización | Fecha de creación | Forma de adquisición | Costo | Costo de reposición | Proveedor |
|---|---|---|---|---|---|---|---|---|---|---|---|---|---|---|---|---|---|---|---|---|---|---|
| 26/09/2023 | 59 | 16 | 363.45092 S161p | 100076573 | 09/12/2025 | Ej.1 | 03/02/2013 | Libro | DEWEY | Libro | Claustro | Claustro | 2do piso | 28/02/2006 | Compra | 34900.00 | ||||||
| 31/05/2025 | 2 | 1 | 363.45092 S161p | 100143897 | 09/12/2025 | Ej.2 | 26/09/2014 | Libro | DEWEY | Libro | Claustro | Claustro | 2do piso | 26/09/2014 | Donación | 0.00 | 26000.00 | 12 |